Państwa Afryki-Quiz na mapie - Statystyki

Ogólne statystyki
  • Ten quiz został rozwiązany 104 razy
    103 od ostatniego zresetowania
  • Średni wynik to 30 z 54
Odpowiedzi na mapie
Odpowiedzi zakodowano w zielono-czerwonej skali na mapie do tego quizu, zgodnie z poniższymi procentami.
 
Statystyki odpowiedzi
Odpowiedź % Poprawnych
Madagaskar
78%
Algieria
76%
Egipt
74%
Libia
74%
Tunezja
74%
Maroko
72%
Republika Południowej Afryki
70%
Sudan Południowy
67%
Sudan
65%
Demokratyczna Republika Konga
63%
Dżibuti
63%
Etiopia
63%
Erytrea
63%
Lesotho
63%
Somalia
63%
Rwanda
61%
Republika Środkowoafrykańska
59%
Angola
57%
Czad
57%
Ghana
57%
Eswatini
54%
Kenia
54%
Mauretania
54%
Namibia
54%
Senegal
54%
Seszele
54%
Tanzania
54%
Botswana
52%
Gabon
52%
Mozambik
52%
Niger
52%
Republika Zielonego Przylądka
52%
Togo
52%
Wyspy Świętego Tomasza i Książęca
52%
Komory
50%
Kongo
50%
Nigeria
50%
Uganda
50%
Burkina Faso
48%
Kamerun
48%
Mauritius
48%
Zambia
48%
Burundi
46%
Gambia
46%
Mali
46%
Wybrzeże Kości Słoniowej
46%
Liberia
43%
Malawi
43%
Benin
41%
Zimbabwe
41%
Sierra Leone
41%
Gwinea Bissau
39%
Gwinea
37%
Gwinea Równikowa
37%
Nie znaleziono quizów pasujących do podanych kryteriów
Rozkład punktacji
Procent ludzi z każdym wynikiem
Percentyl według liczby udzielonych odpowiedzi
Twoja historia wyników
Nie rozwiązałeś tego quizu od ostatniego zresetowania